Peace and conflict studies (Record no. 43395)

MARC details
000 -LEADER
fixed length control field 00673 a2200217 4500
008 - FIXED-LENGTH DATA ELEMENTS--GENERAL INFORMATION
fixed length control field 140630b xxu||||| |||| 00| 0 eng d
020 ## - INTERNATIONAL STANDARD BOOK NUMBER
International Standard Book Number 9781452202952
050 ## - LIBRARY OF CONGRESS CALL NUMBER
Classification number JZ5538
Item number .B37 2014
100 ## - MAIN ENTRY--PERSONAL NAME
Personal name Barash, David P.
245 ## - TITLE STATEMENT
Title Peace and conflict studies
Statement of responsibility, etc David P. Barash, Charles P. Webel.
250 ## - EDITION STATEMENT
Edition statement 3rd ed.
260 ## - PUBLICATION, DISTRIBUTION, ETC. (IMPRINT)
Date of publication, distribution, etc 2014
Name of publisher, distributor, etc Sage Publications,
Place of publication, distribution, etc Thousand Oaks ;
-- London :
300 ## - PHYSICAL DESCRIPTION
Extent |a xiii, 571 p. : |b ill. ; |c 26 cm.
500 ## - GENERAL NOTE
General note Includes bibliographical references and indexes.
650 ## - SUBJECT ADDED ENTRY--TOPICAL TERM
Topical term or geographic name as entry element Peace.
650 ## - SUBJECT ADDED ENTRY--TOPICAL TERM
Topical term or geographic name as entry element War.
650 ## - SUBJECT ADDED ENTRY--TOPICAL TERM
Topical term or geographic name as entry element Arms control.
650 ## - SUBJECT ADDED ENTRY--TOPICAL TERM
Topical term or geographic name as entry element Conflict management.
700 ## - ADDED ENTRY--PERSONAL NAME
Personal name Webel, Charles.
942 ## - ADDED ENTRY ELEMENTS (KOHA)
Item type Book
Source of classification or shelving scheme Library of Congress Classification
Holdings
Withdrawn status Lost status Source of classification or shelving scheme Damaged status Not for loan Collection code Home library Current library Shelving location Date acquired Source of acquisition Cost, normal purchase price Total Checkouts Total Renewals Full call number Barcode Date last borrowed Copy number Price effective from Koha item type Date last seen
    Library of Congress Classification     Non-fiction Bishop Okullu Memorial Library (Limuru Campus) Bishop Okullu Memorial Library (Limuru Campus) General Circulation 30/06/2014 Purchase 4648.00 8 3 JZ5538 .B37 2014 040429 10/01/2017 1 30/06/2014 Book  
    Library of Congress Classification     Non-fiction Bishop Okullu Memorial Library (Limuru Campus) Bishop Okullu Memorial Library (Limuru Campus) General Circulation 30/06/2014 Purchase 4648.00 16 1 JZ5538 .B37 2014 040430 15/04/2025 2 30/06/2014 Book 28/04/2025
    Library of Congress Classification     Non-fiction Bishop Okullu Memorial Library (Limuru Campus) Bishop Okullu Memorial Library (Limuru Campus) General Circulation 30/06/2014 Purchase 4648.00 7   JZ5538 .B37 2014 040431 22/08/2020 3 30/06/2014 Book  
    Library of Congress Classification     Non-fiction Bishop Okullu Memorial Library (Limuru Campus) Bishop Okullu Memorial Library (Limuru Campus) General Circulation 30/06/2014 Purchase 4648.00 7   JZ5538 .B37 2014 040432 23/05/2025 4 30/06/2014 Book 26/06/2025
    Library of Congress Classification     Non-fiction Nairobi Campus Nairobi Campus General Circulation 30/06/2014 Purchase 4648.00 13 2 JZ5538 .B37 2014 040433 25/01/2022 5 30/06/2014 Book  
    Library of Congress Classification     Non-fiction Nairobi Campus Nairobi Campus General Circulation 30/06/2014 Purchase 4648.00 16 2 JZ5538 .B37 2014 040434 07/10/2021 6 30/06/2014 Book  
    Library of Congress Classification     Non-fiction Nakuru Campus Nakuru Campus General Circulation 30/06/2014 Purchase 4648.00 2   JZ5538 .B37 2014 040435 26/10/2021 7 30/06/2014 Book  
    Library of Congress Classification     Non-fiction Nakuru Campus Nakuru Campus General Circulation 30/06/2014 Purchase 4648.00 5   JZ5538 .B37 2014 040436 04/07/2016 8 30/06/2014 Book